Finish the Proverb Quiz Stats

 Plays Quiz Updated Aug 3, 2014

     
Support Sporcle.
Go Orange.
Score 0/30 Timer 04:00
2 Plays Today
% Correct
Beholder
95.7%
Cold
95.6%
Boils
95.3%
Preach
95.1%
Choosers
95.1%
Sword
95%
Intentions
92.6%
Masters
91.7%
Fiddle
91.7%
Wicked
91%
Parted
91%
March
89.3%
Pound
89.2%
Boats
88.2%
Contempt
88%
% Correct
Invention
87.1%
Brave
84.6%
Straw
83.7%
Public
83.7%
Noise
83.4%
Halved
81.3%
Fall
81%
Mended
75.8%
Robbery
75.5%
Tune
75%
Valor
74.6%
Parsnips
73.3%
Mill
70.1%
Wit
69.6%
Monkey
67.3%

From the Vault

Hogwarts Professors A-Z

by Hejman

Five Hogwarts house points will be awarded to anyone who gets all the answers right in this quiz.
Remove Ads.
Support Sporcle.
Get the best of Sporcle when you Go Orange. This ad-free experience offers more features, more stats, and more fun while also helping to support Sporcle. Thank you for becoming a member.

Show Comments

Extras

Top Quizzes Today


Score Distribution

Your Account Isn't Verified!

In order to create a playlist on Sporcle, you need to verify the email address you used during registration. Go to your Sporcle Settings to finish the process.

Report this User

Report this user for behavior that violates our Community Guidelines.

Details: